Countries That Have Christianity Symbols On Their Flag - Statistics

General Stats
  • This quiz has been taken 120 times
    101 since last reset
  • The average score is 18 of 32
Answer Stats
Answer % Correct
Sweden
85%
Norway
84%
Denmark
82%
Finland
82%
Slovakia
81%
United Kingdom
80%
Iceland
78%
Vatican City
74%
Greece
72%
Spain
68%
Portugal
66%
Australia
64%
Georgia
63%
New Zealand
63%
Switzerland
63%
Serbia
60%
Andorra
59%
Malta
59%
San Marino
58%
Fiji
51%
Moldova
50%
Liechtenstein
48%
Tonga
45%
Tuvalu
44%
Samoa
42%
Montenegro
38%
Vanuatu
38%
Dominican Republic
30%
Dominica
28%
Marshall Islands
26%
Papua New Guinea
26%
Austria
22%
No matching quizzes found
Score Distribution
Percent of People with Each Score
Percentile by Number Answered
Your Score History
You have not taken this quiz since the last reset